| Tag |
First Indicator |
Second Indicator |
Subfields |
| LEADER |
00000cam a2200000 i 4500 |
| 001 |
in00003385964 |
| 005 |
20151206084539.0 |
| 008 |
130904s2013 txuab b 000 0 eng c |
| 035 |
|
|
|a (OCoLC)ocn857845101
|
| 035 |
|
|
|a (OCoLC)857845101
|
| 040 |
|
|
|a TXA
|b eng
|e rda
|c TXA
|d UtOrBLW
|
| 042 |
|
|
|a pcc
|
| 043 |
|
|
|a n-us-tx
|
| 049 |
|
|
|a TXAM
|
| 050 |
|
4 |
|a E78.T4
|b Y566 2013
|
| 100 |
1 |
|
|a Young, Brandon S.,
|e author.
|
| 245 |
1 |
0 |
|a Intensive archeological survey of four post-review discoveries within the Del Rio outer loop, Val Verde County, Texas :
|b (CSJs: 0922-11-015, 0922-11-016, 0922-11-026, 0922-11-980, and 0922-11-981) /
|c by Brandon S. Young, Joseph M. Sanchez, and Mark D. Willis.
|
| 264 |
|
1 |
|a Austin, Texas :
|b Blanton & Associates,
|c [2013]
|
| 300 |
|
|
|a 27, 11 leaves (some folded) :
|b color illustrations, maps ;
|c 28 cm
|
| 336 |
|
|
|a text
|b txt
|2 rdacontent
|
| 337 |
|
|
|a unmediated
|b n
|2 rdamedia
|
| 338 |
|
|
|a volume
|b nc
|2 rdacarrier
|
| 500 |
|
|
|a "April 2013."
|
| 500 |
|
|
|a "Prepared for Val Verde County, Texas Antiquities Permit Number 5670, Brandon S. Young, principal investigator."
|
| 504 |
|
|
|a Includes bibliographical references (leaves 25-27)/
|
| 650 |
|
0 |
|a Indians of North America
|z Texas
|z Val Verde County
|x Antiquities.
|
| 650 |
|
0 |
|a Excavations (Archaeology)
|z Texas
|z Val Verde County.
|
| 651 |
|
0 |
|a Val Verde County (Tex.)
|x Antiquities.
|
| 700 |
1 |
|
|a Sanchez, Joseph M.,
|e author.
|
| 700 |
1 |
|
|a Willis, Mark D.,
|e author.
|
| 710 |
2 |
|
|a Blanton & Associates, Inc.,
|e issuing body.
|
| 948 |
|
|
|a cataloged
|b h
|c 2013/9/11
|d o
|e mwilson
|f 1:06:06 pm
|
| 994 |
|
|
|a C0
|b TXA
|
| 999 |
|
|
|a MARS
|
| 999 |
f |
f |
|s bb24808f-2542-3605-9c80-75b80eca46bc
|i 52a45284-7a66-3138-9a61-24ab80f34f99
|t 0
|
| 952 |
f |
f |
|p normal
|a Texas A&M University
|b College Station
|c Sterling C. Evans Library
|d Evans: Library Stacks
|t 0
|e E78.T4 Y566 2013
|h Library of Congress classification
|i unmediated -- volume
|m A14841944698
|
| 998 |
f |
f |
|a E78.T4 Y566 2013
|t 0
|l Evans: Library Stacks
|